Studia Universitatis Babeş-Bolyai oeconomica

Salvato in:
Dettagli Bibliografici
Natura: Periodico
Lingua:rumeno
Pubblicazione: Cluj-Napoca Universitatea "Babeş-Bolyai"
Soggetti:
Tags: Aggiungi Tag
Nessun Tag, puoi essere il primo ad aggiungerne!!

MARC

LEADER 00000nas1a22000001 4500
001 s120823
005 20230403082015.9
022 |a 1220-0506 
041 0 |a rum 
044 |a RO 
245 1 0 |a Studia Universitatis Babeş-Bolyai  |b oeconomica 
264 1 |a Cluj-Napoca  |b Universitatea "Babeş-Bolyai" 
610 2 0 |a ekonómia